| 000 | 00653nam a2200241 a 4500 | ||
|---|---|---|---|
| 001 | nice12345678 | ||
| 003 | IN_TiNIC | ||
| 005 | 20260116013641.0 | ||
| 008 | 050524s1989 illa grp 000 0 eng | ||
| 020 |
_a0842338 _c12.95 |
||
| 082 | 0 | 0 |
_a291.172 _bPAR |
| 100 | _aParshall, Phil | ||
| 245 |
_aCross and the Crescent _b Understanding the Muslim Mind and Heart. |
||
| 260 |
_aIllinois _bTyndale House _c1989 |
||
| 300 | _a224p | ||
| 500 | _aincludes index and biblioraphy | ||
| 505 | 2 | _abibliography | |
| 650 | _aReconciliation-Interfaith Musl Chri | ||
| 700 | 1 | _aParshall, Phil | |
| 902 | _bSRS | ||
| 942 | _cBK | ||
| 999 |
_c11807 _d11807 |
||